| 000 | 01202cam a2200301 i 4500 | ||
|---|---|---|---|
| 001 | 2959 | ||
| 005 | 20250828111527.0 | ||
| 020 | _a0590107054 | ||
| 040 |
_aDLC _beng _cDLC _erda _dDLC _dDLC |
||
| 050 | 0 | 0 | _aGA130.S885 |
| 082 | 0 | 0 | _a912.014 |
| 100 | 1 |
_aSweeney, Joan _d1930-2017, _eauthor. |
|
| 245 | 1 | 0 |
_aMe on the map / _cby Sweeney, Joan ; illustrated by Cable, Annette |
| 250 | _aFirst Scholastic printing, September 1997 | ||
| 260 |
_aNew York : _bScholastic , _c1996 |
||
| 300 |
_a27 unnumbered pages : _bcolor illustrations, maps ; _c24 cm . |
||
| 490 | _a Me... books | ||
| 500 | _a"Originally published in hardcover with different illustrations by Crown Publishers, an imprint of Random House Children's Books, a division of Penguin Random House LLC, New York, in 1996"--T.p. verso. | ||
| 505 | _aE | ||
| 520 | _aA child describes how her room, her house, her town, her state, and her country become part of a map of her world. | ||
| 521 | 1 |
_a280
_bLexile |
|
| 521 | 1 |
_aE
_bRaz-Plus |
|
| 650 | 0 |
_aMaps _vJuvenile literature. |
|
| 650 | 0 | _aMaps. | |
| 700 | 1 |
_aCable, Annette _eillustrator |
|
| 906 |
_a7 _bcbc _corignew _d1 _eecip _f20 _gy-gencatlg |
||
| 942 |
_2ddc _cBK _n0 |
||
| 999 |
_c2959 _d2959 |
||